Red hat, Linux, 9, Bible

保存先:
書誌詳細
第一著者: Negus, Christopher
フォーマット: 図書
言語:Undetermined
出版事項: Indianapolis, IN. Wiley Publishing 2003
主題:
タグ: タグ追加
タグなし, このレコードへの初めてのタグを付けませんか!
Thư viện lưu trữ: Trung tâm Học liệu Trường Đại học Cần Thơ
LEADER 00552nam a2200193Ia 4500
001 CTU_80658
008 210402s9999 xx 000 0 und d
082 |a 005.7585 
082 |b N384/CD.2 
100 |a Negus, Christopher 
245 0 |a Red hat, Linux, 9, Bible 
245 0 |c Christopher Negus 
260 |a Indianapolis, IN. 
260 |b Wiley Publishing 
260 |c 2003 
650 |a Client/server computing,Computer networks 
650 |x Computer programs 
904 |i Minh,Hải 
980 |a Trung tâm Học liệu Trường Đại học Cần Thơ